|
|
|
|
| LEADER |
00000nam0a2200000 4500 |
| 001 |
297662 |
| 005 |
20231102001029.0 |
| 020 |
|
|
|a RU
|b 84-58728
|
| 035 |
|
|
|a (RuTPU)RU\TPU\book\322796
|
| 090 |
|
|
|a 297662
|
| 100 |
|
|
|a 20150610d1984 km y0rusy5003 ca
|
| 101 |
0 |
|
|a rus
|
| 102 |
|
|
|a RU
|
| 105 |
|
|
|a a z 001zy
|
| 200 |
1 |
|
|a Проблемы регионального управления научно-техническим прогрессом : теория, методика, практика
|f Академия наук Украинской ССР (АН УССР), Институт экономики (ИЭ) ; отв. ред. Я. С. Подстригач
|
| 210 |
|
|
|a Москва
|c Наука
|d 1984
|
| 215 |
|
|
|a 288 с.
|c ил., 1 л. ил.
|
| 300 |
|
|
|a Авт. указаны на 7-й с.
|
| 320 |
|
|
|a Библиогр.: с. 282-286
|
| 606 |
1 |
|
|a Технический прогресс
|x Управление
|2 stltpush
|3 (RuTPU)RU\TPU\subj\60128
|9 77617
|
| 610 |
1 |
|
|a внедрение передовой технологии и техники
|
| 610 |
1 |
|
|a промышленные предприятия
|
| 610 |
1 |
|
|a НТП
|
| 610 |
1 |
|
|a теория
|
| 610 |
1 |
|
|a практика
|
| 610 |
1 |
|
|a региональное управление
|
| 610 |
1 |
|
|a наука
|
| 610 |
1 |
|
|a производство
|
| 610 |
1 |
|
|a интеграция
|
| 610 |
1 |
|
|a научно-производственный комплекс
|
| 675 |
|
|
|a 658.589.012
|z rus
|v 3
|
| 702 |
|
1 |
|a Подстригач
|b Я. С.
|g Ярослав Степанович
|4 340
|
| 712 |
0 |
2 |
|a Академия наук Украинской ССР (АН УССР)
|b Институт экономики (ИЭ)
|2 stltpush
|3 (RuTPU)RU\TPU\col\11343
|
| 801 |
|
0 |
|a RU
|b RuMRKP
|c 19950704
|g psbo
|
| 801 |
|
1 |
|a RU
|b 63413507
|c 20150610
|
| 801 |
|
2 |
|a RU
|b 63413507
|c 20190129
|g RCR
|
| 942 |
|
|
|c BK
|